Bekannte Persönlichkeiten aus Wien - Statistiken

Allgemein
  • Dieses Quiz wurde 164 mal gespielt
  • Das Durchschnittsergebnis liegt bei 10 aus 20
Antwortstatistiken
Geburtsjahr Geburtsort Hinweis Person % Korrekt
1957 Wien Musiker ("Jeanny", "Vienna Calling"), hatte die erste deutschsprachige Nr.1-Single in den US-Charts Falco
84%
1949 Wien Autorennfahrer, 3-maliger Formel-1-Weltmeister Niki Lauda
82%
1804 / 1825 Leopoldstadt / Neubau Vater und Sohn, Komponisten und Kapellmeister (Schöpfer des Radetzky-Marsch bzw. "Walzerkönig") {Johann Strauß} (Vater und Sohn)
79%
1862 Baumgarten (Penzing) Maler (Wiener Jugendstil/Secession), "Der Kuss" Gustav Klimt
71%
1928 Wien Künstler, gestaltete weltweit diverse farbenfrohe Bauwerke Friedensreich Hundertwasser
69%
1992 Wien Fußballer (FC Bayern), 2x Champions-League-Sieger, 2x Sportler des Jahres in Österreich David Alaba
65%
1956 Wien Schauspieler, 2-facher Oscar-Preisträger ("Inglourious Basterds", "Django Unchained") Christoph Waltz
63%
1887 Erdberg (Landstraße) Physiker, Mitbegründer der Quantenmechanik, Nobelpreisträger 1933, erfand ein Gedankenexperiment mit einer Katze Erwin Schrödinger
63%
1911 Margareten von 1970 bis 1983 Bundeskanzler Bruno Kreisky
48%
1955 Wien ehemaliger Fußballer (Austria Wien, AS Rom, Inter Mailand) und -trainer, aktueller Fernsehexperte für Fußballübertragungen, "Schneckerl" Herbert Prohaska
46%
1926 Wien Entertainer (Schauspieler, Moderator, Sänger), Hauptdarsteller in "Im weißen Rößl" Peter Alexander
45%
1881 Innere Stadt Schriftsteller ("Schachnovelle", "Die Welt von gestern") Stefan Zweig
40%
1936 Hernals Schriftstellerin, Kinder- und Jugendbuchautorin ("Maikäfer flieg", "Geschichten vom Franz") Christine Nöstlinger
37%
1878 Leopoldstadt Kernphysikerin, veröffentlichte die erste Erklärung zur Kernspaltung Lise Meitner
29%
1938 Wien Schauspielerin ("Das Erbe der Guldenburgs", "Schtonk!") Christiane Hörbiger
26%
1797 Himmelpfortgrund (Alsergrund) Komponist ("Erlkönig", "Die Bürgschaft") Franz Schubert
26%
1963 Wien Moderatorin (aktuell nach ihr benannte Talksendung, ehemals Millionenshow) Barbara Stöckl
23%
1791 Wien Schriftsteller, "Nationaldichter" ("Das goldene Vlies", "König Ottokars Glück und Ende") Franz Grillparzer
23%
1914 Wien Schauspielerin und Erfinderin, erfand u.a. das Frequenzsprungverfahren (zur Datenübertragung) Hedy Lamarr
22%
1905 Leopoldstadt Neurologe und Psychiater, Begründer der Logotherapie und Existenzanalyse Viktor Frankl
21%
Keine übereinstimmenden Quizze gefunden
Verteilung der Resultate
Anzahl Personen mit jedem Resultat
Perzentil nach korrekt beantworteten Fragen
Ihre Resultats-Entwicklung
Sie haben dieses Quiz noch nicht gespielt